| 000 | 00389nam a2200169Ia 4500 | ||
|---|---|---|---|
| 008 | 170705s9999 xx 000 0 und d | ||
| 020 | _a9780545837521 | ||
| 245 | _aBear in underwear / | ||
| 245 | _cTodd H. Doodler. | ||
| 260 | _aNew York : | ||
| 260 | _bScholastic, | ||
| 260 | _c2010 | ||
| 300 | _aunpaged : | ||
| 300 | _bcolor illustration ; | ||
| 300 | _c20cm. | ||
| 500 | _a20 | ||
| 999 |
_c335764 _d335764 |
||